| 000 | 00810nam a22002777a 4500 | ||
|---|---|---|---|
| 008 | 130918b xxu||||| |||| 00| 0 eng d | ||
| 020 | _a81-265-0023-9 | ||
| 024 | _cAvailable | ||
| 037 | _cAvailable | ||
| 040 |
_aMBSTU LIBRARY _dMBSTU LIBRARY |
||
| 082 |
_222 _a005.362 RET |
||
| 100 | _aReichard, Kevin. | ||
| 110 | _aEric Faster Johnson. | ||
| 245 | _aTech yourself UNIX. | ||
| 250 | _a4th | ||
| 260 |
_aNew Delhi _bIDG Books India _c2000 |
||
| 300 |
_a24 cm. _b397 page _f1 _g24 cm. |
||
| 600 | _2Programming languages. | ||
| 650 | _2Programming languages. | ||
| 700 | _aReichard, Kevin. | ||
| 710 | _aEric Faster Johnson. | ||
| 270 |
_aNew Delhi _bNew Delhi _dIndia |
||
| 365 |
_b1032.00 _d1032.00 |
||
| 942 |
_2ddc _cBK |
||
| 999 |
_c688 _d688 |
||